| 000 | 00439nam a2200181Ia 4500 | ||
|---|---|---|---|
| 005 | 20240823010033.0 | ||
| 008 | 240823s9999||||xx |||||||||||||| ||und|| | ||
| 041 | _aENGLISH | ||
| 082 | _A620.110 N9 | ||
| 100 | _a"Beckwith,Thomas G [etal]" | ||
| 245 | 0 | _aMechanical Measurements | |
| 250 | _a5th | ||
| 260 |
_c1999 _b"AWL,England" |
||
| 500 | _aYES | ||
| 650 |
_aMechanical Measurement _bMechanical |
||
| 942 | _cBK | ||
| 999 |
_c157454 _d157454 |
||